000 00546nam a2200181 a 4500
001 32899
005 20180714000612.0
008 140415s1997 000 0 spa d
020 _a9681330072
041 _aspa
082 _a371.95
_bVAI
100 1 _aVAIL, PRICCILLA L.
245 1 0 _aNIÑOS INTELIGENTES CON PROBLEMAS ESCOLARES TODO LO QUE :
_bUSTED DEBE SABER Y CONSEJOS PRACTICOS PARA AYUDARLOS
260 _a[s.l.] :
_bDIANA,
_c1997
300 _a310
650 1 4 _aNIOS SUPERDOTADOS
700 1 _aCORDOVA, MERCEDES
_etr.
999 _c32899
_d32899